[Event "29th NATO Chess Championship"]
[Site "Lubbock"]
[Date "2018.06.06"]
[Round "4.7"]
[White "Mestek, Igor"]
[Black "Andersen, Hans Christoph"]
[Result "1/2-1/2"]
[WhiteElo "2099"]
[BlackElo "2213"]
[PlyCount "45"]
[EventDate "2018.06.04"]
[EventType "swiss"]
[EventRounds "7"]
[EventCountry "USA"]
[SourceVersion "1"]
[SourceVersionDate "2018.06.14"]
[SourceQuality "1"]
[WhiteTeam "SLOVENIA"]
[BlackTeam "GERMANY"]
[WhiteTeamCountry "SLO"]
[BlackTeamCountry "GER"]

1. Nf3 d6 2. e4 Bg4 3. Bc4 e6 4. h3 Bh5 5. d4 Nf6 6. Nbd2 Be7 7. c3 d5 8. exd5
Nxd5 9. Qb3 Bxf3 10. Nxf3 Nb6 11. Bb5+ c6 12. Be2 O-O 13. O-O Qc7 14. a4 N8d7
15. Re1 a5 16. Bd3 Nd5 17. Bd2 Rfd8 18. Rad1 Rac8 19. Bb1 Nf8 20. Be4 Nf6 21.
Bb1 Nd5 22. Be4 Nf6 23. Bb1 1/2-1/2

[Event "29th NATO Chess Championship"]
[Site "Lubbock"]
[Date "2018.06.06"]
[Round "4.8"]
[White "Williams, Abiye"]
[Black "Pedersen, Finn"]
[Result "0-1"]
[WhiteElo "2064"]
[BlackElo "2302"]
[PlyCount "144"]
[EventDate "2018.06.04"]
[EventType "swiss"]
[EventRounds "7"]
[EventCountry "USA"]
[SourceVersion "1"]
[SourceVersionDate "2018.06.14"]
[SourceQuality "1"]
[WhiteTeam "UNITED STATES"]
[BlackTeam "DENMARK"]
[WhiteTeamCountry "USA"]
[BlackTeamCountry "DEN"]

1. f4 d5 2. Nf3 g6 3. e3 Bg7 4. Be2 Nd7 5. O-O e6 6. Qe1 b6 7. Nc3 Bb7 8. a4 a6
9. d3 Ne7 10. e4 c5 11. Bd1 h6 12. g4 Qc7 13. e5 O-O-O 14. d4 h5 15. g5 Nf5 16.
Ne2 Bf8 17. c3 cxd4 18. cxd4 Kb8 19. Ng3 Nxg3 20. Qxg3 Bb4 21. Be3 Rc8 22. Bb3
Bc6 23. Rfc1 Qb7 24. Qf2 Rc7 25. Bd2 Be7 26. Qe1 b5 27. Ba5 Rcc8 28. axb5 Bxb5
29. Bc3 Nb6 30. Nd2 Nc4 31. Bd1 Nxd2 32. Qxd2 Rc6 33. h4 Rhc8 34. Bf3 Bd8 35.
f5 Bb6 36. f6 Rc4 37. Kg2 Qc6 38. Be2 Bxd4 39. Bxc4 dxc4+ 40. Kg3 Bc5 41. Kf4
Rc7 42. Rd1 Ba4 43. Rxa4 Qxa4 44. Qe2 Qc6 45. Qd2 Bb6 46. Qd6 Kb7 47. Qxc6+
Kxc6 48. Rd6+ Kb5 49. Ke4 Bc5 50. Rd8 Bf2 51. Bd4 Bxh4 52. Rd6 Rb7 53. Be3 Be1
54. Bd2 Bf2 55. Be3 Bxe3 56. Kxe3 a5 57. Kd4 Kb4 58. Rd8 h4 59. Rh8 Rd7+ 60.
Ke3 h3 61. Rb8+ Kc5 62. Ra8 Kb5 63. Rb8+ Kc6 64. Ra8 Rd1 65. Rh8 a4 66. Ke2 Rd3
67. Rh7 Rb3 68. Rxf7 c3 69. bxc3 a3 70. Re7 h2 71. f7 h1=Q 72. f8=Q Qe4+ 0-1

[Event "29th NATO Chess Championship"]
[Site "Lubbock"]
[Date "2018.06.06"]
[Round "4.9"]
[White "Everett, Elijah"]
[Black "Nikomanis, Andreas"]
[Result "1-0"]
[WhiteElo "2217"]
[BlackElo "2045"]
[PlyCount "93"]
[EventDate "2018.06.04"]
[EventType "swiss"]
[EventRounds "7"]
[EventCountry "USA"]
[SourceVersion "1"]
[SourceVersionDate "2018.06.14"]
[SourceQuality "1"]
[WhiteTeam "GERMANY"]
[BlackTeam "GREECE"]
[WhiteTeamCountry "GER"]
[BlackTeamCountry "GRE"]

1. e4 c5 2. Nf3 d6 3. d4 cxd4 4. Nxd4 Nf6 5. Nc3 g6 6. Be3 Bg7 7. f3 O-O 8. Qd2
Nc6 9. O-O-O d5 10. exd5 Nxd5 11. Nxc6 bxc6 12. Bd4 Bxd4 13. Qxd4 Qb6 14. Na4
Qa5 15. b3 Be6 16. Bc4 Rfd8 17. Qc5 Qc7 18. g3 Rd7 19. Rhe1 Rad8 20. Kb2 Nb6
21. Rxd7 Nxd7 22. Qb4 Bxc4 23. Qxc4 Nb6 24. Qh4 Nxa4+ 25. Qxa4 e6 26. Qb4 c5
27. Qc3 Rd4 28. f4 Qd6 29. Re5 Rd5 30. a4 h5 31. a5 f6 32. Rxd5 exd5 33. Qd3
Kf7 34. Qb5 a6 35. Qb7+ Ke6 36. Kc3 f5 37. Qg7 d4+ 38. Kd2 Kd5 39. Qb7+ Qc6 40.
Qf7+ Qe6 41. Qxe6+ Kxe6 42. Kd3 Kd5 43. h3 Kd6 44. Kc4 Kc6 45. h4 Kd6 46. b4
cxb4 47. Kxd4 1-0

[Event "29th NATO Chess Championship"]
[Site "Lubbock"]
[Date "2018.06.06"]
[Round "4.10"]
[White "Hansen, Stefan"]
[Black "Werksma, Arie"]
[Result "1-0"]
[WhiteElo "2047"]
[BlackElo "2199"]
[PlyCount "65"]
[EventDate "2018.06.04"]
[EventType "swiss"]
[EventRounds "7"]
[EventCountry "USA"]
[SourceVersion "1"]
[SourceVersionDate "2018.06.14"]
[SourceQuality "1"]
[WhiteTeam "DENMARK"]
[BlackTeam "NETHERLANDS"]
[WhiteTeamCountry "DEN"]
[BlackTeamCountry "NED"]

1. Nf3 Nf6 2. c4 e6 3. g3 b6 4. Bg2 Bb7 5. O-O c5 6. Nc3 Be7 7. Re1 O-O 8. e4
d6 9. d4 cxd4 10. Nxd4 Qc8 11. Be3 Nbd7 12. h3 a6 13. Rc1 Re8 14. b3 Nc5 15.
Qc2 Qc7 16. f4 Rad8 17. Bf2 h6 18. Rcd1 Nh7 19. Nde2 Qb8 20. g4 g5 21. f5 Nd7
22. Nd4 Bf6 23. Nf3 exf5 24. exf5 Rxe1+ 25. Rxe1 Qa8 26. Ne4 d5 27. Nd6 Bc6 28.
Nd4 Bxd4 29. Bxd4 Ndf6 30. c5 bxc5 31. Qxc5 Ne4 32. Nxe4 dxe4 33. Qe5 1-0

[Event "29th NATO Chess Championship"]
[Site "Lubbock"]
[Date "2018.06.06"]
[Round "4.11"]
[White "Bohn, Ulrich"]
[Black "Randall, Gordon"]
[Result "1/2-1/2"]
[WhiteElo "2185"]
[BlackElo "2029"]
[PlyCount "97"]
[EventDate "2018.06.04"]
[EventType "swiss"]
[EventRounds "7"]
[EventCountry "USA"]
[SourceVersion "1"]
[SourceVersionDate "2018.06.14"]
[SourceQuality "1"]
[WhiteTeam "GERMANY"]
[BlackTeam "UNITED STATES"]
[WhiteTeamCountry "GER"]
[BlackTeamCountry "USA"]

1. d4 Nf6 2. Bf4 g6 3. Nc3 c5 4. d5 d6 5. e4 Bg7 6. h3 O-O 7. Nf3 b5 8. Bxb5
Qb6 9. Qd3 Bd7 10. a4 a6 11. Bc4 Nh5 12. Bd2 f5 13. O-O fxe4 14. Qxe4 Ra7 15.
a5 Qd8 16. g4 Nf6 17. Qe2 Nxg4 18. Rae1 Ne5 19. Ng5 h6 20. Ne6 Bxe6 21. dxe6
Nf3+ 22. Kh1 Nxe1 23. Rxe1 Nc6 24. Rg1 Qe8 25. Bd3 Rf6 26. Nd5 Nd4 27. Nxf6+
exf6 28. Qe4 f5 29. Qd5 Kh7 30. Bc4 Qe7 31. c3 Nb5 32. Qg2 Qe8 33. Re1 Re7 34.
Qd5 Qd8 35. Bf4 Qxa5 36. Bxd6 Nxd6 37. Qxd6 Bf6 38. Rd1 Qa4 39. b3 Qa2 40. Kg2
Qb2 41. Qxc5 Qxc3 42. Qd5 a5 43. Rd3 Qe5 44. Qa8 Bh4 45. Rd8 Kg7 46. Rg8+ Kh7
47. Rd8 Kg7 48. Rd3 Qf4 49. Qf3 1/2-1/2

[Event "29th NATO Chess Championship"]
[Site "Lubbock"]
[Date "2018.06.06"]
[Round "4.12"]
[White "Cheung, Jan W"]
[Black "Watters, Chase Miles"]
[Result "0-1"]
[WhiteElo "2043"]
[BlackElo "2175"]
[PlyCount "58"]
[EventDate "2018.06.04"]
[EventType "swiss"]
[EventRounds "7"]
[EventCountry "USA"]
[SourceVersion "1"]
[SourceVersionDate "2018.06.14"]
[SourceQuality "1"]
[WhiteTeam "NETHERLANDS"]
[BlackTeam "UNITED STATES"]
[WhiteTeamCountry "NED"]
[BlackTeamCountry "USA"]

1. d4 d5 2. c4 dxc4 3. e4 Nc6 4. Nf3 Bg4 5. Be3 e6 6. Bxc4 Bxf3 7. gxf3 Bb4+ 8.
Nc3 Qf6 9. e5 Qh4 10. Qa4 Nge7 11. O-O-O Bxc3 12. bxc3 O-O 13. f4 a6 14. Qc2
Nf5 15. Bd3 Nce7 16. Be4 c6 17. Kb2 b5 18. Ka1 g6 19. Bc1 a5 20. Ba3 b4 21.
cxb4 axb4 22. Bxb4 Rfd8 23. Bxe7 Nxe7 24. Qd2 Ra3 25. Qb4 Rda8 26. Bb1 Nd5 27.
Qc4 Qxf4 28. Rd3 R3a4 29. Qxc6 Qxf2 0-1

[Event "29th NATO Chess Championship"]
[Site "Lubbock"]
[Date "2018.06.06"]
[Round "4.13"]
[White "Cirkvencic, Franci"]
[Black "Kedzierski, Slawomir"]
[Result "0-1"]
[WhiteElo "2026"]
[BlackElo "2146"]
[PlyCount "88"]
[EventDate "2018.06.04"]
[EventType "swiss"]
[EventRounds "7"]
[EventCountry "USA"]
[SourceVersion "1"]
[SourceVersionDate "2018.06.14"]
[SourceQuality "1"]
[WhiteTeam "SLOVENIA"]
[BlackTeam "NATO A"]
[WhiteTeamCountry "SLO"]

1. d4 Nf6 2. Nf3 e6 3. Bg5 d5 4. e3 Be7 5. Nbd2 O-O 6. Bd3 c5 7. c3 Qb6 8. Qb1
h6 9. Bh4 Bd7 10. a4 Nc6 11. Ne5 Rfd8 12. Ndf3 Rac8 13. O-O Be8 14. h3 a6 15.
g4 cxd4 16. exd4 Qc7 17. Qe1 Na5 18. Bg3 Bd6 19. Nd2 b5 20. axb5 Bxb5 21. Bxb5
axb5 22. Nd3 Bxg3 23. fxg3 Nc4 24. Nxc4 bxc4 25. Ne5 Rb8 26. Rf2 Rf8 27. Qe3
Ne4 28. Rg2 Ra8 29. Re1 Ra2 30. h4 Rb8 31. Ree2 Ra1+ 32. Kh2 Rb1 33. Qf4 Ra8
34. g5 Raa1 35. Kh3 h5 36. Rxe4 dxe4 37. Qxe4 Rh1+ 38. Rh2 Rxh2+ 39. Kxh2 Qb8
40. Nxc4 Qb5 41. Qe2 Ra4 42. b4 Qa6 43. Kh3 Ra2 44. b5 Qa8 0-1

[Event "29th NATO Chess Championship"]
[Site "Lubbock"]
[Date "2018.06.06"]
[Round "4.14"]
[White "Stankowski, Aleksander"]
[Black "Onley, David"]
[Result "1-0"]
[WhiteElo "1987"]
[BlackElo "2113"]
[PlyCount "59"]
[EventDate "2018.06.04"]
[EventType "swiss"]
[EventRounds "7"]
[EventCountry "USA"]
[SourceVersion "1"]
[SourceVersionDate "2018.06.14"]
[SourceQuality "1"]
[WhiteTeam "NATO B"]
[BlackTeam "UNITED KINGDOM"]

1. Nf3 Nf6 2. g3 g6 3. Bg2 Bg7 4. O-O O-O 5. d3 d6 6. Nc3 e5 7. e4 c6 8. h3 a5
9. a4 Na6 10. Nh2 Be6 11. f4 exf4 12. gxf4 Qb6+ 13. Kh1 Nh5 14. Qf3 f5 15. Ne2
fxe4 16. dxe4 Bc4 17. Rf2 Be5 18. Bf1 Bxe2 19. Bxe2 Nxf4 20. Bc4+ Nd5 21. Qe3
Qb4 22. Rxf8+ Kxf8 23. Bxd5 cxd5 24. exd5 Bxh2 25. Kxh2 Re8 26. Qf2+ Kg8 27.
Bh6 Qc4 28. Re1 Rc8 29. Qf6 Qxc2+ 30. Kh1 1-0

[Event "29th NATO Chess Championship"]
[Site "Lubbock"]
[Date "2018.06.06"]
[Round "4.15"]
[White "Sypien, Mateusz"]
[Black "Tucker, David Sidney"]
[Result "1-0"]
[WhiteElo "2248"]
[BlackElo "1997"]
[PlyCount "103"]
[EventDate "2018.06.04"]
[EventType "swiss"]
[EventRounds "7"]
[EventCountry "USA"]
[SourceVersion "1"]
[SourceVersionDate "2018.06.14"]
[SourceQuality "1"]
[WhiteTeam "POLAND"]
[BlackTeam "VETERANS A"]
[WhiteTeamCountry "POL"]

1. e4 c5 2. Nf3 Nc6 3. d4 cxd4 4. Nxd4 g6 5. c4 Bg7 6. Be3 Nf6 7. Nc3 Ng4 8.
Qxg4 Nxd4 9. Qd1 e5 10. Bd3 O-O 11. O-O b6 12. Qd2 Bb7 13. Rad1 Qe7 14. f3 h5
15. Ne2 Ne6 16. Bc2 Rfd8 17. b4 Rac8 18. Bb3 d6 19. Nc3 Bc6 20. Rfe1 Kh7 21.
Nd5 Qf8 22. Qc1 Bxd5 23. exd5 Nd4 24. Qb1 Rc7 25. f4 Nf5 26. Bc1 exf4 27. Bxf4
Bc3 28. Bd2 Bd4+ 29. Kh1 Re8 30. Qd3 Rxe1+ 31. Rxe1 Re7 32. Rf1 Qg7 33. Bg5 f6
34. Bd2 Be5 35. Bd1 h4 36. Qh3 Kg8 37. Bg4 Nd4 38. Qxh4 f5 39. Bd1 Qf8 40. Qg5
Rg7 41. Re1 Bf6 42. Qg3 Be5 43. Bf4 Qf6 44. Rxe5 dxe5 45. Bxe5 f4 46. Bxf6 fxg3
47. Bxg7 Kxg7 48. hxg3 Nf5 49. Kg1 Nxg3 50. Kf2 Ne4+ 51. Ke3 Nd6 52. c5 1-0

[Event "29th NATO Chess Championship"]
[Site "Lubbock"]
[Date "2018.06.06"]
[Round "4.16"]
[White "Schott, Guido"]
[Black "Wagenaar, Harm Theo"]
[Result "1-0"]
[WhiteElo "2127"]
[BlackElo "1911"]
[PlyCount "61"]
[EventDate "2018.06.04"]
[EventType "swiss"]
[EventRounds "7"]
[EventCountry "USA"]
[SourceVersion "1"]
[SourceVersionDate "2018.06.14"]
[SourceQuality "1"]
[WhiteTeam "NATO B"]
[BlackTeam "NETHERLANDS"]
[BlackTeamCountry "NED"]

1. Nf3 d5 2. g3 Nf6 3. Bg2 c6 4. b3 Bf5 5. Bb2 e6 6. O-O h6 7. d3 Be7 8. Nbd2
O-O 9. Ne5 Bh7 10. e4 dxe4 11. dxe4 Nbd7 12. Nxd7 Qxd7 13. Qe2 Qc7 14. a4 Nd7
15. f4 e5 16. Nc4 exf4 17. gxf4 Rad8 18. Kh1 Kh8 19. Rf3 f6 20. Raf1 Nc5 21.
Rg3 Rf7 22. Qh5 Bf8 23. f5 Re7 24. e5 fxe5 25. f6 gxf6 26. Rxf6 Ne4 27. Bxe4
Bxe4+ 28. Kg1 Bg7 29. Bxe5 Rxe5 30. Rxh6+ Bxh6 31. Qxh6+ 1-0

[Event "29th NATO Chess Championship"]
[Site "Lubbock"]
[Date "2018.06.06"]
[Round "4.17"]
[White "Pirs, Matjaz2"]
[Black "Cichy, Kamil"]
[Result "1/2-1/2"]
[WhiteElo "1983"]
[BlackElo "2094"]
[PlyCount "52"]
[EventDate "2018.06.04"]
[EventType "swiss"]
[EventRounds "7"]
[EventCountry "USA"]
[SourceVersion "1"]
[SourceVersionDate "2018.06.14"]
[SourceQuality "1"]
[WhiteTeam "SLOVENIA"]
[BlackTeam "POLAND"]
[WhiteTeamCountry "SLO"]
[BlackTeamCountry "POL"]

1. e4 c5 2. Nf3 d6 3. d4 cxd4 4. Qxd4 a6 5. c4 Nc6 6. Qd2 Nf6 7. Nc3 e6 8. Be2
Be7 9. O-O O-O 10. b3 Qc7 11. Bb2 b6 12. Rac1 Ne5 13. Nd4 Bb7 14. f4 Ned7 15.
Bf3 Nc5 16. Qe3 Rfd8 17. Kh1 Bf8 18. Nde2 Rac8 19. Ng3 Qb8 20. Rcd1 Qa8 21. Rd2
d5 22. cxd5 exd5 23. Nxd5 Nxd5 24. exd5 Bxd5 25. Bxd5 Rxd5 26. Rfd1 Rxd2
1/2-1/2

[Event "29th NATO Chess Championship"]
[Site "Lubbock"]
[Date "2018.06.06"]
[Round "4.18"]
[White "Hendy, Jerry"]
[Black "Balmaceda, Enrico"]
[Result "0-1"]
[WhiteElo "1639"]
[BlackElo "2063"]
[PlyCount "56"]
[EventDate "2018.06.04"]
[EventType "swiss"]
[EventRounds "7"]
[EventCountry "USA"]
[SourceVersion "1"]
[SourceVersionDate "2018.06.14"]
[SourceQuality "1"]
[WhiteTeam "UNITED KINGDOM"]
[BlackTeam "UNITED STATES"]
[BlackTeamCountry "USA"]

1. e4 Nf6 2. e5 Nd5 3. Nc3 Nxc3 4. bxc3 d6 5. Nf3 g6 6. Be2 Bg7 7. exd6 cxd6 8.
O-O O-O 9. Ba3 Qc7 10. Nd4 a6 11. Rb1 Nd7 12. Nf3 b5 13. Bb4 Bb7 14. d4 Nf6 15.
Qd3 Bd5 16. Rb2 Rfc8 17. c4 Bxc4 18. Qe3 Nd5 19. Qd2 Nxb4 20. Rxb4 Bxa2 21. Rb2
Bc4 22. Ra1 e5 23. dxe5 dxe5 24. Bxc4 Qxc4 25. c3 e4 26. Nd4 Qxc3 27. Qxc3 Rxc3
28. Nxb5 Rc5 0-1

[Event "29th NATO Chess Championship"]
[Site "Lubbock"]
[Date "2018.06.06"]
[Round "4.19"]
[White "Coulon, Dominic"]
[Black "Aagaard, Gert"]
[Result "0-1"]
[WhiteElo "1679"]
[BlackElo "2042"]
[PlyCount "40"]
[EventDate "2018.06.04"]
[EventType "swiss"]
[EventRounds "7"]
[EventCountry "USA"]
[SourceVersion "1"]
[SourceVersionDate "2018.06.14"]
[SourceQuality "1"]
[WhiteTeam "CANADA"]
[BlackTeam "DENMARK"]
[WhiteTeamCountry "CAN"]
[BlackTeamCountry "DEN"]

1. d4 Nf6 2. Bf4 e6 3. e3 c5 4. c3 Nc6 5. Nd2 Be7 6. Ngf3 Nh5 7. Bg3 d5 8. Bd3
Bd7 9. Qe2 Nxg3 10. hxg3 g6 11. Ne5 Nxe5 12. dxe5 Qc7 13. f4 Qb6 14. Nf3 O-O-O
15. Rb1 Bc6 16. a3 Ba4 17. Nd2 c4 18. b3 cxd3 19. bxa4 Qxb1+ 20. Nxb1 dxe2 0-1

[Event "29th NATO Chess Championship"]
[Site "Lubbock"]
[Date "2018.06.06"]
[Round "4.20"]
[White "Oblak, Nicholas"]
[Black "O'Byrne, Daniel"]
[Result "1-0"]
[WhiteElo "2036"]
[BlackElo "1676"]
[PlyCount "71"]
[EventDate "2018.06.04"]
[EventType "swiss"]
[EventRounds "7"]
[EventCountry "USA"]
[SourceVersion "1"]
[SourceVersionDate "2018.06.14"]
[SourceQuality "1"]

1. Nf3 c5 2. c4 Nc6 3. g3 g6 4. Bg2 Bg7 5. O-O Nf6 6. d3 O-O 7. Nc3 d6 8. a3 e5
9. Rb1 a5 10. Bd2 Bd7 11. Qc1 Re8 12. Bg5 Be6 13. Qd2 Qd7 14. Nb5 Rec8 15. Rfd1
Ne8 16. Bh6 Bh8 17. Ng5 Bf5 18. Bd5 Be6 19. Nxe6 fxe6 20. Bg2 Ng7 21. g4 Ne8
22. h3 Bf6 23. Bg5 Bg7 24. Rf1 Nd8 25. Bh6 Bf6 26. f4 Nf7 27. fxe5 Bxe5 28.
Rxf7 Qxf7 29. Rf1 Nf6 30. g5 Rab8 31. gxf6 Rd8 32. Bf4 Bxf4 33. Qxf4 Qd7 34.
f7+ Kg7 35. Qf6+ Kh6 36. Rf4 1-0

[Event "29th NATO Chess Championship"]
[Site "Lubbock"]
[Date "2018.06.06"]
[Round "4.21"]
[White "Middaugh, Jon S"]
[Black "Sycz, Dariusz"]
[Result "0-1"]
[WhiteElo "1918"]
[BlackElo "2222"]
[PlyCount "107"]
[EventDate "2018.06.04"]
[EventType "swiss"]
[EventRounds "7"]
[EventCountry "USA"]
[SourceVersion "1"]
[SourceVersionDate "2018.06.14"]
[SourceQuality "1"]

1. d4 Nf6 2. c4 e6 3. Nc3 d5 4. Nf3 Bb4 5. Bf4 dxc4 6. a3 Bxc3+ 7. bxc3 Nd5 8.
Bd2 b5 9. g3 Bb7 10. Bg2 Nd7 11. h4 N7b6 12. e4 Nf6 13. e5 Nfd5 14. Qc2 Qd7 15.
O-O h6 16. Rfb1 Na4 17. Nh2 c5 18. Nf3 a6 19. Rd1 Qc7 20. Be1 O-O 21. dxc5 Nxc5
22. Rd4 Nd3 23. Qe2 Ne7 24. Bd2 Nf5 25. Rg4 Rad8 26. Nd4 Bxg2 27. Kxg2 Qxe5 28.
Qxe5 Nxe5 29. Re4 Nxd4 30. Rxd4 Rxd4 31. cxd4 Nc6 32. Be3 Rd8 33. Rd1 Rd5 34.
Rd2 a5 35. Kf3 Kf8 36. g4 Ke7 37. Ke4 g5 38. f4 gxf4 39. Bxf4 h5 40. gxh5 b4
41. h6 b3 42. Bg5+ f6 43. h7 Rd8 44. Rf2 fxg5 45. hxg5 c3 46. g6 b2 47. Rf7+
Kd6 48. Rf1 c2 49. g7 b1=Q 50. Rc1 Qxc1 51. g8=Q Qe1+ 52. Kf3 Qf1+ 53. Ke4 Qe2+
54. Kf4 0-1

[Event "29th NATO Chess Championship"]
[Site "Lubbock"]
[Date "2018.06.06"]
[Round "4.22"]
[White "Mouroutis, Konstantinos"]
[Black "Portman, Carl S"]
[Result "1/2-1/2"]
[WhiteElo "2205"]
[BlackElo "1886"]
[PlyCount "114"]
[EventDate "2018.06.04"]
[EventType "swiss"]
[EventRounds "7"]
[EventCountry "USA"]
[SourceVersion "1"]
[SourceVersionDate "2018.06.14"]
[SourceQuality "1"]

1. d4 d5 2. Nf3 Nf6 3. Bf4 e6 4. e3 c5 5. c3 Nc6 6. Nbd2 cxd4 7. exd4 Be7 8.
Bd3 Nh5 9. Be3 Nf6 10. Ne5 Bd6 11. f4 Bd7 12. O-O Qe7 13. a4 h5 14. h3 h4 15.
b4 Nh5 16. Ng6 fxg6 17. Bxg6+ Kd8 18. Bxh5 Qf6 19. Bg4 Ne7 20. Qb3 Nf5 21. Bxf5
Qxf5 22. c4 Rh6 23. c5 Bc7 24. b5 Ke7 25. Qb1 Rf8 26. Nb3 Rg6 27. Qxf5 Rxf5 28.
Nc1 Rh5 29. Kf2 Rg3 30. Ne2 Rg6 31. Rfb1 Rf5 32. a5 e5 33. b6 axb6 34. axb6
exf4 35. Bd2 f3 36. gxf3 Bg3+ 37. Nxg3 Rxg3 38. Re1+ Kf7 39. Re3 Rxh3 40. Ke2
Bb5+ 41. Kd1 Rhxf3 42. Ra8 Rxe3 43. Bxe3 h3 44. Rh8 Rf3 45. Kd2 Rg3 46. Bf2 Rf3
47. Be3 Kg6 48. Rh4 Kf7 49. Rf4+ Rxf4 50. Bxf4 Ke6 51. Be5 Kf5 52. Ke3 Kg4 53.
Kf2 g6 54. Bd6 Bd7 55. Bc7 Kf5 56. Kg3 Ke4 57. Be5 Ke3 1/2-1/2

[Event "29th NATO Chess Championship"]
[Site "Lubbock"]
[Date "2018.06.06"]
[Round "4.23"]
[White "Nilsson, Erik"]
[Black "Peraino, Andrew"]
[Result "0-1"]
[WhiteElo "2071"]
[BlackElo "1868"]
[PlyCount "158"]
[EventDate "2018.06.04"]
[EventType "swiss"]
[EventRounds "7"]
[EventCountry "USA"]
[SourceVersion "1"]
[SourceVersionDate "2018.06.14"]
[SourceQuality "1"]

1. d4 g6 2. e4 d6 3. Nf3 Nf6 4. Nc3 Bg7 5. Be2 O-O 6. O-O c6 7. h3 b5 8. e5 Ne8
9. a3 Nc7 10. Bf4 a6 11. Qd2 Re8 12. Rad1 Bb7 13. Bh6 Bh8 14. Qf4 Ne6 15. Qe3
Qc7 16. Rfe1 Nd7 17. exd6 exd6 18. Qc1 c5 19. dxc5 dxc5 20. Nd5 Bxd5 21. Rxd5
Nb6 22. Rdd1 Na4 23. c3 c4 24. Qc2 Rad8 25. Rxd8 Rxd8 26. Rd1 Rxd1+ 27. Bxd1
Qd8 28. Be2 Nec5 29. Ne1 Qh4 30. Be3 Qe4 31. Qxe4 Nxe4 32. Bc1 Nec5 33. Bd1 f5
34. Bc2 Kf7 35. Kf1 Ke6 36. Ke2 Kd5 37. Nf3 Bf6 38. Ne1 a5 39. f3 Nb3 40. Bxb3
cxb3 41. Nd3 Kc4 42. Kd2 Bg7 43. f4 Kd5 44. Ke3 Nb6 45. Bd2 Nc4+ 46. Ke2 Bf8
47. Bc1 Ke4 48. Nf2+ Kd5 49. Nd3 Bd6 50. Kf3 Be7 51. Ke2 h6 52. Kf3 Bf6 53. Ke2
Bd8 54. Kf3 Bb6 55. Ne1 Bc5 56. Nd3 Be7 57. Ke2 Bd6 58. Kf3 Nxa3 59. bxa3 Kc4
60. Ke2 Kxc3 61. Bd2+ Kc2 62. Ne1+ Kb1 63. Bxa5 Bxa3 64. Kd2 Ka2 65. Bc3 b4 66.
Nd3 bxc3+ 67. Kxc3 b2 68. Nxb2 Bxb2+ 69. Kc4 Bc1 70. g3 Be3 71. Kd5 Bf2 72. g4
fxg4 73. hxg4 Kb3 74. f5 g5 75. f6 Be1 76. Ke6 Kc4 77. Kf7 Kd5 78. Kg8 Ke5 79.
f7 Bb4 0-1

[Event "29th NATO Chess Championship"]
[Site "Lubbock"]
[Date "2018.06.06"]
[Round "4.24"]
[White "Simard, Francois"]
[Black "Wells, Daniel J"]
[Result "1/2-1/2"]
[WhiteElo "1821"]
[BlackElo "2014"]
[PlyCount "59"]
[EventDate "2018.06.04"]
[EventType "swiss"]
[EventRounds "7"]
[EventCountry "USA"]
[SourceVersion "1"]
[SourceVersionDate "2018.06.14"]
[SourceQuality "1"]

1. d4 Nf6 2. c4 g6 3. Nc3 Bg7 4. Bg5 d6 5. Qd2 h6 6. Bf4 Nh5 7. Be3 Nc6 8. Nf3
e5 9. dxe5 dxe5 10. Qxd8+ Nxd8 11. Nd5 Ne6 12. Rd1 c6 13. g4 Nhf4 14. Nxf4 Nxf4
15. h3 O-O 16. Bc1 f5 17. Nh2 g5 18. e3 Ng6 19. Be2 e4 20. O-O Ne5 21. f4 exf3
22. Nxf3 fxg4 23. Nxe5 Rxf1+ 24. Kxf1 Bxe5 25. Rd8+ Kf7 26. Bxg4 Bxg4 27. Rxa8
Bxh3+ 28. Kg1 h5 29. Rxa7 Bc8 30. Ra8 1/2-1/2

[Event "29th NATO Chess Championship"]
[Site "Lubbock"]
[Date "2018.06.06"]
[Round "4.26"]
[White "Farrell, John F"]
[Black "Ntalampiras, Spyros"]
[Result "1-0"]
[WhiteElo "2208"]
[BlackElo "1780"]
[PlyCount "109"]
[EventDate "2018.06.04"]
[EventType "swiss"]
[EventRounds "7"]
[EventCountry "USA"]
[SourceVersion "1"]
[SourceVersionDate "2018.06.14"]
[SourceQuality "1"]

1. c4 e5 2. g3 Nf6 3. Bg2 g6 4. Nc3 Bg7 5. Nf3 d6 6. O-O O-O 7. d3 Nc6 8. Bd2
Re8 9. e4 h6 10. h3 Nd7 11. Rb1 a5 12. a3 Nd4 13. b4 axb4 14. axb4 Nf8 15. Nxd4
exd4 16. Ne2 c6 17. Ra1 Be6 18. Nf4 Bd7 19. Kh2 Ne6 20. Nxe6 Bxe6 21. f4 f5 22.
Re1 Kh7 23. Qb3 fxe4 24. Bxe4 Qd7 25. Bg2 Rxa1 26. Rxa1 b5 27. Ra6 Bxh3 28.
Bxh3 Re2+ 29. Bg2 Rxd2 30. Ra2 Rxa2 31. Qxa2 Qe8 32. cxb5 cxb5 33. Be4 Qe7 34.
Qd5 h5 35. Qxh5+ Kg8 36. Qxg6 d5 37. Bxd5+ Kf8 38. Qf5+ Bf6 39. Be4 Kg7 40.
Qxb5 Qf7 41. Qb7 Be7 42. Qd5 Qxd5 43. Bxd5 Bxb4 44. Kg2 Be1 45. Kf3 Kf6 46. g4
Bd2 47. Ke4 Be3 48. Bc6 Kg6 49. Ke5 Kf7 50. Be4 Kg7 51. g5 Bf2 52. f5 Bh4 53.
f6+ Kh8 54. g6 Kg8 55. Bf5 1-0

[Event "29th NATO Chess Championship"]
[Site "Lubbock"]
[Date "2018.06.06"]
[Round "4.29"]
[White "Smit, Jan"]
[Black "Tammisto, Janek"]
[Result "0-1"]
[WhiteElo "1850"]
[BlackElo "1940"]
[PlyCount "48"]
[EventDate "2018.06.04"]
[EventType "swiss"]
[EventRounds "7"]
[EventCountry "USA"]
[SourceVersion "1"]
[SourceVersionDate "2018.06.14"]
[SourceQuality "1"]

1. d4 d5 2. Nf3 Nf6 3. Bg5 g6 4. Nbd2 Bg7 5. e3 O-O 6. Bd3 b6 7. c3 Bb7 8. a4
a5 9. O-O Ne4 10. Bh4 Nd7 11. Qc2 Nd6 12. e4 dxe4 13. Nxe4 Nf6 14. Nxf6+ exf6
15. Nd2 Qd7 16. Ne4 Qg4 17. Bxf6 Bxe4 18. Bxe4 Qxe4 19. Qxe4 Nxe4 20. Bxg7 Kxg7
21. Rfe1 Rfe8 22. f3 Nd6 23. Kf2 Rxe1 24. Rxe1 Re8 0-1

[Event "29th NATO Chess Championship"]
[Site "Lubbock"]
[Date "2018.06.06"]
[Round "4.30"]
[White "Papler, Peter"]
[Black "Van den Heuvel, Tonnie"]
[Result "1-0"]
[WhiteElo "1646"]
[BlackElo "1832"]
[PlyCount "49"]
[EventDate "2018.06.04"]
[EventType "swiss"]
[EventRounds "7"]
[EventCountry "USA"]
[SourceVersion "1"]
[SourceVersionDate "2018.06.14"]
[SourceQuality "1"]

1. e4 b6 2. f4 Bb7 3. Nc3 e6 4. g3 Bb4 5. Nge2 f5 6. d3 fxe4 7. Bg2 d5 8. dxe4
c6 9. Be3 Na6 10. a3 Bc5 11. Nd4 Qe7 12. b4 Bxd4 13. Bxd4 Nc7 14. Qh5+ Qf7 15.
Qxf7+ Kxf7 16. O-O Ba6 17. Rf2 Re8 18. Be5 Na8 19. a4 Bc4 20. Nd1 Nf6 21. Ne3
Rhf8 22. Bd6 Rh8 23. e5 Nd7 24. Nxc4 dxc4 25. Bxc6 1-0

[Event "29th NATO Chess Championship"]
[Site "Lubbock"]
[Date "2018.06.06"]
[Round "4.32"]
[White "Tremblay, Mario"]
[Black "Stuhr, Finn"]
[Result "1/2-1/2"]
[WhiteElo "1636"]
[BlackElo "1715"]
[PlyCount "40"]
[EventDate "2018.06.04"]
[EventType "swiss"]
[EventRounds "7"]
[EventCountry "USA"]
[SourceVersion "1"]
[SourceVersionDate "2018.06.14"]
[SourceQuality "1"]

1. e4 e5 2. Nf3 Nc6 3. d4 exd4 4. Bc4 Bc5 5. O-O Nf6 6. e5 Ng4 7. h3 Ngxe5 8.
Nxe5 Nxe5 9. Re1 Qf6 10. f4 d6 11. Bd3 Be6 12. fxe5 dxe5 13. Qe2 Bd6 14. Nd2
Qe7 15. Nf3 f6 16. Nxd4 Bc5 17. c3 O-O-O 18. Kh1 Bxd4 19. cxd4 Rxd4 20. Be3
Rdd8 1/2-1/2